000 00284nam a22001337a 4500
008 170601b xxu||||| |||| 00| 0 eng d
020 _a9780195122206
041 _aeng
080 _a94
100 _a17
101 _aSHH
245 _aWRITING HISTORY
_cSTOREY,W.K
942 _2udc
_cBK
999 _c15299
_d15299